Normal view
MARC view
- Gluck Christophe Willibald
Entry Personal Name
001 - CONTROL NUMBER
- control field: 5675
003 - CONTROL NUMBER IDENTIFIER
- control field: IT-RoPau
005 - DATE AND TIME OF LATEST TRANSACTION
- control field: 20131216221140.0
008 - FIXED-LENGTH DATA ELEMENTS
- fixed length control field: 131216|| aca||aabn | a|a d
040 ## - CATALOGING SOURCE
- Original cataloging agency: IT-RoPau
- Transcribing agency: IT-RoPau
100 ## - HEADING--PERSONAL NAME
- Personal name: Gluck Christophe Willibald
- Miscellaneous information: Codice autore musica SPICS: 10452
- Relator term: Autore musica
- Name of part/section of a work: Assolo di flauto dall'"Orfeo"
670 ## - SOURCE DATA FOUND
- Source citation: Work cat.: (IT-RoPau)99965: AA.VV. 794, Flauto d'oro di Jean-Pierre Rampal (Il)-Lp Gl 37080